BIBLIOTECA PODER JUDICIAL
Portal Judicial TDF

La estabilidad del acto administrativo de autorización ambiental / (Registro nro. 6114)

000 -LEADER
fixed length control field 00947nabaa22001937a 4500
003 - CONTROL NUMBER IDENTIFIER
control field OSt
005 - DATE AND TIME OF LATEST TRANSACTION
control field 20260122103006.0
008 - FIXED-LENGTH DATA ELEMENTS--GENERAL INFORMATION
fixed length control field 190701b xxu||||| |||| 00| 0 spa d
040 ## - CATALOGING SOURCE
Transcribing agency PJ
100 ## - MAIN ENTRY--PERSONAL NAME
9 (RLIN) 3687
Personal name Buteler, Alfonso
245 10 - TITLE STATEMENT
Title La estabilidad del acto administrativo de autorización ambiental /
Statement of responsibility, etc Alfonso Buteler.
300 ## - PHYSICAL DESCRIPTION
Extent p. 121-130
505 ## - FORMATTED CONTENTS NOTE
Formatted contents note Sumario: I. Introducción.— II. La estabilidad del acto administrativo.— III. Estabilidad y derecho de propiedad.— IV. El acto administrativo de autorización ambiental.— V. La estabilidad del acto de autorización o aprobación ambiental.
505 ## - FORMATTED CONTENTS NOTE
Title ¿Te interesa el texto completo? Comunicate al correo: koha@justierradelfuego.gov.ar<br/>
650 #0 - SUBJECT ADDED ENTRY--TOPICAL TERM
9 (RLIN) 211
Topical term or geographic name as entry element DERECHO ADMINISTRATIVO
650 #0 - SUBJECT ADDED ENTRY--TOPICAL TERM
9 (RLIN) 1171
Topical term or geographic name as entry element ACTO ADMINISTRATIVO
773 0# - HOST ITEM ENTRY
Host Biblionumber 2842
Host Itemnumber 3251
Place, publisher, and date of publication Buenos Aires : AbeledoPerrot, 2012-
Other item identifier DA121
Title Derecho administrativo. Nº 146 marzo/abril 2023
International Standard Book Number 18510590
942 ## - ADDED ENTRY ELEMENTS (KOHA)
Source of classification or shelving scheme
Koha item type Analítica Artículo de Revista

No hay ítems disponibles.

12 de Octubre 789 Ushuaia - Tel:  54(02901)441571
Horario de Atención: 8.00 a 17.00 hs. 
bibliotecaush@justierradelfuego.gov.ar
koha@justierradelfuego.gov.ar
Seguinos en nuestras redes @bibliojustdf 

Con tecnología Koha